|
|
|
|
| LEADER |
00000ny a22000003n 4500 |
| 005 |
20110608095113.0 |
| 008 |
030520s2004 sp 00| 0 spa d |
| 035 |
|
|
|a 392
|
| 040 |
|
|
|a BUS
|d vLex
|
| 090 |
|
|
|c 556
|d 556
|
| 100 |
1 |
|
|a Rodrg̕uez Lp̤ez, Pedro
|
| 245 |
1 |
0 |
|a Comentarios a la ley de costas
|h [Recurso electrn̤ico]
|b doctrina y jurisprudencia : (con las modificaciones introducidas por la Ley 53/2002, de 30 de diciembre) /
|c Pedro Rodrg̕uez Lp̤ez
|
| 256 |
|
|
|a Servicio en ln̕ea
|
| 260 |
|
|
|a Madrid :
|b DIJUSA,
|c 2004
|
| 300 |
|
|
|a 311 p. ;
|c 25 cm
|
| 504 |
|
|
|a Bibliogr.: p. 307-311
|
| 650 |
0 |
7 |
|2 Tesauro vLex
|a Costas
|
| 650 |
0 |
7 |
|2 Tesauro vLex
|a Procesal
|
| 650 |
0 |
7 |
|2 Tesauro vLex
|a Costas procesales
|
| 740 |
0 |
|
|a vLex Libros (Servicios en ln̕ea)
|
| 856 |
4 |
0 |
|z Acceso restringido
|u http://vlex.com/source/comentarios-ley-de-costas-392
|
| 942 |
|
|
|c BOOK
|
| 999 |
0 |
|
|a Procedure (Law)
|b Madrid
|